000 00533cam a2200193ua 4500
001 2749
005 20260515113551.0
008 110907n ii |||gr||||Z||||||asm
040 _cMAIN
082 _a891.4512
100 1 _aChaudhury, Lakshyadhar ,
_eAuthor.
245 1 1 _aLakshyadhar Chaudhury natyavali
_cby Lakshyadhar Chaudhury
250 _a1st.
260 _aGuahati:
_bSecretary publication board assam,993.
300 _a344p:
_c25cm.
653 _aAssamese drama
653 _aLakshyadhar Chaudhury natyavali
942 _cBK
999 _c2596
_d2596